000
00334nam a2200145Ia 4500
005
20251222142010.0
008
251222s9999||||xx |||||||||||||| ||spa||
020
_a
9788435061490
082
_a
823.92/S28
100
_a
Scarrow, Simon
245
0
_a
El Águila en el Desierto
250
_a
1ra.ed.
264
_b
Edhasa
942
_c
LIB
999
_c
10304
_d
10304